000 00301nam a22001337a 4500
008 181022b xxu||||| |||| 00| 0 eng d
020 _a9780323067843
041 _aeng
080 _27th
_a610.73
100 _a2
101 _aINF
245 _aFundamentals of Nursing
_cPotter,P.A
942 _2udc
_cBK
999 _c50457
_d50457